[Event "25. Copenhagen Open  (Politiken Cup)"]
[Site "Copenhagen"]
[Date "2003.07.25"]
[Round "11"]
[White "Larsen, Karsten"]
[Black "Skytte, Rasmus"]
[Result "0-1"]
[WhiteElo "2282"]
[BlackElo "2404"]
[PlyCount "64"]
[EventDate "2003.07.14"]
[EventType "swiss"]
[EventRounds "11"]
[EventCountry "DEN"]
[SourceDate "2004.01.01"]

1. e4 g6 2. d4 Bg7 3. Nf3 d6 4. Bc4 c6 5. Nc3 Nf6 6. Bb3 O-O 7. Bg5 d5 8. exd5
Nxd5 9. Qd2 Bg4 10. Ne5 Be6 11. Bh6 Nd7 12. Bxg7 Kxg7 13. O-O-O Nxc3 14. Qxc3
Bxb3 15. Qxb3 Qc7 16. Rhe1 Nxe5 17. Rxe5 Rad8 18. Qe3 Rd7 19. h4 Rfd8 20. h5 f6
21. Re6 g5 22. g3 Kf8 23. f4 Qa5 24. c3 c5 25. d5 Qxa2 26. Qxc5 Qa1+ 27. Kc2
Qxd1+ 28. Kxd1 Rxd5+ 29. Qxd5 Rxd5+ 30. Ke2 gxf4 31. gxf4 Rxh5 32. Kf3 Rh2 0-1

[Event "25. Copenhagen Open  (Politiken Cup)"]
[Site "Copenhagen"]
[Date "2003.07.25"]
[Round "11"]
[White "Larsen, Ulrik"]
[Black "Norton, Craig"]
[Result "1-0"]
[WhiteElo "1951"]
[BlackElo "2127"]
[PlyCount "47"]
[EventDate "2003.07.14"]
[EventType "swiss"]
[EventRounds "11"]
[EventCountry "DEN"]
[SourceDate "2004.01.01"]

1. e4 c5 2. Nf3 d6 3. d4 cxd4 4. Nxd4 Nf6 5. Nc3 g6 6. Be3 Bg7 7. f3 Nc6 8. Qd2
O-O 9. O-O-O Nxd4 10. Bxd4 Be6 11. Kb1 Qc7 12. h4 Rfc8 13. h5 Qa5 14. hxg6 hxg6
15. a3 Rab8 16. Bd3 b5 17. Qg5 d5 18. exd5 b4 19. Ne4 Nxe4 20. Bxe4 bxa3 21.
Bxg7 Kxg7 22. Qe5+ f6 23. Qxe6 Qb4 24. Rh7+ 1-0

[Event "25. Copenhagen Open  (Politiken Cup)"]
[Site "Copenhagen"]
[Date "2003.07.25"]
[Round "11"]
[White "Laursen, Niels Norskov"]
[Black "Agustsson, Hafsteinn"]
[Result "1/2-1/2"]
[WhiteElo "2109"]
[BlackElo "1929"]
[PlyCount "97"]
[EventDate "2003.07.14"]
[EventType "swiss"]
[EventRounds "11"]
[EventCountry "DEN"]
[SourceDate "2004.01.01"]

1. e4 c5 2. Nf3 Nc6 3. d4 cxd4 4. Nxd4 Nf6 5. Nc3 d6 6. Bg5 e6 7. Qd2 a6 8.
O-O-O Bd7 9. f4 h6 10. Bxf6 gxf6 11. g3 h5 12. Kb1 Qb6 13. Nf3 O-O-O 14. Bh3
Be7 15. Ka1 Kb8 16. f5 Qb4 17. Rhe1 Bc8 18. Ne2 d5 19. c3 Qa5 20. Qc2 dxe4 21.
Qxe4 e5 22. Nd2 Qd5 23. Bg2 Qxe4 24. Bxe4 Bc5 25. b4 Bb6 26. Kb2 Ne7 27. Nc4
Bc7 28. Ne3 Rhg8 29. Rxd8 Rxd8 30. Kc1 b5 31. Rd1 Rxd1+ 32. Kxd1 Bb6 33. Nd5
Nxd5 34. Bxd5 Bxf5 35. Bxf7 Bg4 36. Kd2 Bf2 37. c4 bxc4 38. Bxc4 Kb7 39. Bf7
Kb6 40. Be8 h4 41. gxh4 Bxh4 42. Ng3 Be6 43. a4 f5 44. Bg6 f4 45. Nf5 Bg5 46.
h4 Bxf5 47. Bxf5 Bxh4 48. Be4 a5 49. bxa5+ 1/2-1/2

[Event "25. Copenhagen Open  (Politiken Cup)"]
[Site "Copenhagen"]
[Date "2003.07.25"]
[Round "11"]
[White "Liden, Tommy"]
[Black "Jensen, Sren G"]
[Result "0-1"]
[WhiteElo "1883"]
[BlackElo "2123"]
[PlyCount "96"]
[EventDate "2003.07.14"]
[EventType "swiss"]
[EventRounds "11"]
[EventCountry "DEN"]
[SourceDate "2004.01.01"]

1. e4 c6 2. d4 d5 3. Nd2 dxe4 4. Nxe4 Nf6 5. Nxf6+ gxf6 6. Nf3 Bf5 7. Bd3 e6 8.
Bxf5 Qa5+ 9. c3 Qxf5 10. Qb3 b6 11. Be3 Rg8 12. Rg1 Qxf3 13. gxf3 Rxg1+ 14. Ke2
Rxa1 15. c4 Nd7 16. Qa4 Rc8 17. Qxa7 Bd6 18. c5 bxc5 19. dxc5 Be5 20. b4 Bc3
21. b5 Ne5 22. Bd2 Bxd2 23. Kxd2 cxb5 24. f4 Rd8+ 25. Ke2 Nc6 26. Qa6 Nd4+ 27.
Ke3 Re1+ 28. Kd2 Re2+ 29. Kd1 Rc2 30. f5 Rxc5 31. fxe6 fxe6 32. Qb7 Rd7 33.
Qa8+ Rd8 34. Qb7 Rd7 35. Qa8+ Ke7 36. Qg8 Kd6 37. Qf8+ Kd5 38. Qxf6 Rdc7 39.
Qd8+ Kc4 40. Kd2 R7c6 41. Ke3 Re5+ 42. Kf4 Re2 43. Qh4 Rxa2 44. Qxh7 Rxf2+ 45.
Kg3 Rc2 46. h4 b4 47. h5 b3 48. Qb7 e5 0-1

[Event "25. Copenhagen Open  (Politiken Cup)"]
[Site "Copenhagen"]
[Date "2003.07.25"]
[Round "11"]
[White "Madsen, Poul Henrik"]
[Black "Christensen, Bo Garner"]
[Result "0-1"]
[WhiteElo "2080"]
[BlackElo "2273"]
[PlyCount "70"]
[EventDate "2003.07.14"]
[EventType "swiss"]
[EventRounds "11"]
[EventCountry "DEN"]
[SourceDate "2004.01.01"]

1. d4 f5 2. c3 Nf6 3. Nf3 g6 4. Bg5 Ne4 5. h4 Bg7 6. Nbd2 h6 7. Bf4 d6 8. e3
Nd7 9. Qb3 Nb6 10. Nxe4 fxe4 11. Nd2 Bf5 12. a4 e5 13. dxe5 dxe5 14. Bg3 Qd7
15. a5 O-O-O 16. O-O-O Be6 17. Qc2 Na4 18. Bc4 Bxc4 19. Nxc4 Qb5 20. Qxe4 Nc5
21. Qg4+ Kb8 22. Qxg6 Qxc4 23. Qxg7 Qe2 24. Qf7 Rhf8 25. Qa2 e4 26. Qa3 Nd3+
27. Kb1 Rf5 28. Rxd3 exd3 29. Qa4 d2 30. Rd1 b6 31. axb6 axb6 32. Qb3 Kb7 33.
Qc2 Ra5 34. Qe4+ Ka7 35. Kc2 Qxd1+ 0-1

[Event "25. Copenhagen Open  (Politiken Cup)"]
[Site "Copenhagen"]
[Date "2003.07.25"]
[Round "11"]
[White "Malmdin, Nils Ake"]
[Black "Skjoldan, Benjamin"]
[Result "1-0"]
[WhiteElo "2190"]
[BlackElo "2092"]
[PlyCount "65"]
[EventDate "2003.07.14"]
[EventType "swiss"]
[EventRounds "11"]
[EventCountry "DEN"]
[SourceDate "2004.01.01"]

1. e4 c5 2. Nf3 Nc6 3. d4 cxd4 4. Nxd4 Nf6 5. Nc3 e5 6. Ndb5 d6 7. Nd5 Nxd5 8.
exd5 Nb8 9. c4 g6 10. Be3 a6 11. Nc3 Bg7 12. Qd2 O-O 13. Be2 Re8 14. Bh6 Bh8
15. h4 f6 16. g4 Nd7 17. Be3 Nf8 18. f3 f5 19. gxf5 Bxf5 20. Bd3 Bf6 21. h5
Bh4+ 22. Ke2 Bxd3+ 23. Qxd3 Bg5 24. hxg6 Nxg6 25. Rag1 e4 26. Nxe4 Bxe3 27.
Qxe3 b5 28. Qh6 Qc7 29. Rxg6+ Kh8 30. Kd1 bxc4 31. Nf6 Ra7 32. Nxe8 Qa5 33.
Qf8# 1-0

[Event "25. Copenhagen Open  (Politiken Cup)"]
[Site "Copenhagen"]
[Date "2003.07.25"]
[Round "11"]
[White "Manley, Christian"]
[Black "Andersen, Bjarne Hjorth"]
[Result "1/2-1/2"]
[WhiteElo "1613"]
[BlackElo "1807"]
[PlyCount "33"]
[EventDate "2003.07.14"]
[EventType "swiss"]
[EventRounds "11"]
[EventCountry "DEN"]
[SourceDate "2004.01.01"]

1. d4 Nf6 2. c4 g6 3. Nc3 d5 4. cxd5 Nxd5 5. e3 Bg7 6. g3 O-O 7. Bg2 Nxc3 8.
bxc3 c5 9. Nf3 Nc6 10. O-O cxd4 11. cxd4 Bg4 12. Qb3 Qd7 13. Rb1 Rab8 14. Ba3
Be6 15. Qc2 Rfc8 16. Qd2 Bf5 17. Rbc1 1/2-1/2

[Event "25. Copenhagen Open  (Politiken Cup)"]
[Site "Copenhagen"]
[Date "2003.07.25"]
[Round "11"]
[White "Mikkelsen, Nikolaj"]
[Black "Nordenbaek, Jan"]
[Result "1-0"]
[WhiteElo "2104"]
[BlackElo "2254"]
[PlyCount "71"]
[EventDate "2003.07.14"]
[EventType "swiss"]
[EventRounds "11"]
[EventCountry "DEN"]
[SourceDate "2004.01.01"]

1. e4 e5 2. Nf3 Nc6 3. Bb5 a6 4. Ba4 Nf6 5. O-O Be7 6. Re1 b5 7. Bb3 d6 8. c3
O-O 9. h3 Na5 10. Bc2 c5 11. d4 Qc7 12. d5 Nb7 13. b3 c4 14. b4 a5 15. Be3 Bd7
16. a3 Ne8 17. g4 g6 18. Kh1 Ng7 19. Bh6 Nd8 20. Rg1 f6 21. Be3 Qc8 22. Nbd2
Nf7 23. Qf1 g5 24. a4 axb4 25. cxb4 c3 26. Nb1 h5 27. Nh2 Nh6 28. f3 bxa4 29.
Qd3 Qb7 30. Nxc3 a3 31. Rgb1 Ra6 32. Nf1 Rfa8 33. Nd2 Ne8 34. b5 a2 35. Rb2 Ra3
36. Nc4 1-0

[Event "25. Copenhagen Open  (Politiken Cup)"]
[Site "Copenhagen"]
[Date "2003.07.25"]
[Round "11"]
[White "Mortensen, Henrik"]
[Black "Hansen, Jens Martin"]
[Result "1-0"]
[WhiteElo "2027"]
[BlackElo "1731"]
[PlyCount "77"]
[EventDate "2003.07.14"]
[EventType "swiss"]
[EventRounds "11"]
[EventCountry "DEN"]
[SourceDate "2004.01.01"]

1. d4 d5 2. Nf3 Nf6 3. c4 c6 4. e3 Bf5 5. Qb3 Qb6 6. Nc3 e6 7. Na4 Qxb3 8. axb3
Nbd7 9. c5 Be7 10. Bd2 h6 11. b4 a6 12. Be2 O-O 13. O-O Bd8 14. Bc3 Bc7 15. Ra3
Ne4 16. Rfa1 f6 17. Be1 Ng5 18. Nd2 e5 19. Nb3 e4 20. Na5 Bxa5 21. bxa5 Be6 22.
Rb3 Ra7 23. Nb6 Nf7 24. Ra4 f5 25. Rab4 Nxb6 26. Rxb6 Bc8 27. f3 exf3 28. gxf3
Re8 29. Bg3 Re7 30. Kf2 g5 31. Ra3 Be6 32. Ra1 g4 33. Bh4 Rd7 34. Rg1 h5 35. h3
Nh6 36. Bg5 Kh7 37. hxg4 fxg4 38. Bxh6 gxf3 39. Bd3+ 1-0

[Event "25. Copenhagen Open  (Politiken Cup)"]
[Site "Copenhagen"]
[Date "2003.07.25"]
[Round "11"]
[White "Moller, Arne"]
[Black "Pedersen, Thomas"]
[Result "1-0"]
[WhiteElo "1975"]
[BlackElo "1671"]
[PlyCount "83"]
[EventDate "2003.07.14"]
[EventType "swiss"]
[EventRounds "11"]
[EventCountry "DEN"]
[SourceDate "2004.01.01"]

1. e4 c5 2. Nf3 d6 3. d4 cxd4 4. Nxd4 Nf6 5. Nc3 g6 6. Be2 Bg7 7. O-O O-O 8.
Be3 Nc6 9. f4 Qb6 10. Na4 Qa5 11. Nc3 Qb6 12. Na4 Qa5 13. Nc3 Qb4 14. Nxc6 bxc6
15. e5 Ne4 16. Nxe4 Qxe4 17. Qd2 Rb8 18. c4 Bf5 19. b3 Rbd8 20. Bf3 Qd3 21.
Rad1 dxe5 22. Qf2 exf4 23. Rxd3 Rxd3 24. Bc5 Rfd8 25. Kh1 e5 26. Bxc6 Rd2 27.
Qh4 Rc8 28. Bb4 Rxa2 29. Bd5 h6 30. Qe7 f3 31. Bxf3 Bf8 32. Qb7 Bxb4 33. Qxb4
e4 34. g4 Rd8 35. gxf5 exf3 36. fxg6 fxg6 37. Qc3 Rf2 38. Qc1 Rfd2 39. Qe1 g5
40. Qe6+ Kg7 41. Rxf3 R2d6 42. Qe7+ 1-0

[Event "25. Copenhagen Open  (Politiken Cup)"]
[Site "Copenhagen"]
[Date "2003.07.25"]
[Round "11"]
[White "Moller, Frederik Oest"]
[Black "Christensen, Christoffer"]
[Result "1/2-1/2"]
[WhiteElo "1928"]
[BlackElo "1599"]
[PlyCount "75"]
[EventDate "2003.07.14"]
[EventType "swiss"]
[EventRounds "11"]
[EventCountry "DEN"]
[SourceDate "2004.01.01"]

1. e4 d6 2. d4 Nf6 3. Nc3 g6 4. Be2 Bg7 5. g4 d5 6. e5 Ne4 7. Nxe4 dxe4 8. g5
c5 9. c3 cxd4 10. cxd4 Nc6 11. Be3 Qa5+ 12. Bd2 Qb6 13. Bc3 Bf5 14. Qb3 O-O-O
15. Qxf7 Rhg8 16. Qc4 Kb8 17. Rd1 e6 18. Qb5 Nxd4 19. Rxd4 Qxd4 20. Bxd4 Rxd4
21. Qb3 Rgd8 22. Bb5 Bxe5 23. Ne2 Rd2 24. Nc3 Bg4 25. O-O e3 26. Bc6 b6 27.
fxe3 Bxh2+ 28. Kh1 Bh3 29. Rf7 Bg3 30. Rb7+ Kc8 31. Bf3 Rh2+ 32. Kg1 Rdd2 33.
Qc4+ Kd8 34. Ne4 Rdg2+ 35. Bxg2 Rxg2+ 36. Kh1 Rh2+ 37. Kg1 Rg2+ 38. Kh1 1/2-1/2

[Event "25. Copenhagen Open  (Politiken Cup)"]
[Site "Copenhagen"]
[Date "2003.07.25"]
[Round "11"]
[White "Naes, Flovin Tor"]
[Black "Byklum, Bjornar"]
[Result "1-0"]
[WhiteElo "2330"]
[BlackElo "2214"]
[PlyCount "75"]
[EventDate "2003.07.14"]
[EventType "swiss"]
[EventRounds "11"]
[EventCountry "DEN"]
[SourceDate "2004.01.01"]

1. c4 Nf6 2. g3 g6 3. Bg2 Bg7 4. d4 O-O 5. e4 d6 6. Nc3 Nc6 7. Nf3 a6 8. O-O
Rb8 9. a4 e5 10. h3 exd4 11. Nxd4 Nxd4 12. Qxd4 Be6 13. Qd3 Nd7 14. Nd5 Nc5 15.
Qe2 Re8 16. Ra3 Bd7 17. a5 f5 18. f3 Be6 19. b4 Nd7 20. Bb2 Bxd5 21. cxd5 Bxb2
22. Qxb2 fxe4 23. fxe4 Ne5 24. Rc3 Re7 25. b5 axb5 26. Qxb5 Nd7 27. Rcf3 Nc5
28. Rf4 Qe8 29. Qc4 Qd8 30. Qc3 Nd7 31. h4 Ne5 32. Bh3 c5 33. Rf6 Ra8 34. Qd2
Kg7 35. h5 Re8 36. Qf4 Rf8 37. h6+ Kg8 38. Be6+ 1-0

[Event "25. Copenhagen Open  (Politiken Cup)"]
[Site "Copenhagen"]
[Date "2003.07.25"]
[Round "11"]
[White "Nielsen, Borge Hjerrild"]
[Black "Petersen, Nils"]
[Result "1-0"]
[WhiteElo "2134"]
[BlackElo "2009"]
[PlyCount "95"]
[EventDate "2003.07.14"]
[EventType "swiss"]
[EventRounds "11"]
[EventCountry "DEN"]
[SourceDate "2004.01.01"]

1. d4 Nf6 2. c4 e6 3. Nc3 Bb4 4. Qc2 c5 5. dxc5 Na6 6. a3 Bxc3+ 7. Qxc3 Nxc5 8.
f3 d6 9. Bg5 h6 10. Bh4 Ncd7 11. Bg3 Qc7 12. Rd1 e5 13. e3 O-O 14. Nh3 Ne8 15.
Nf2 f5 16. Nd3 b6 17. Be2 a5 18. b3 Ba6 19. Nb2 Kh8 20. Qd2 Bb7 21. O-O Nc5 22.
b4 Ne6 23. Bf2 Bc6 24. Rc1 Qb7 25. Qc3 e4 26. f4 Nf6 27. Rfd1 Qc7 28. Bh4 Kh7
29. Bxf6 Rxf6 30. Qd2 Rd8 31. g3 Rff8 32. Kf2 g5 33. Rg1 gxf4 34. gxf4 Rg8 35.
Rg3 Rd7 36. Rcg1 Rdg7 37. Qc3 Rxg3 38. Rxg3 Rxg3 39. hxg3 Qg7 40. Qxg7+ Kxg7
41. b5 Bb7 42. Na4 Kg6 43. Nxb6 Nc5 44. g4 Nd3+ 45. Kg3 Ne1 46. gxf5+ Kxf5 47.
Bg4+ Kf6 48. Bc8 1-0

[Event "25. Copenhagen Open  (Politiken Cup)"]
[Site "Copenhagen"]
[Date "2003.07.25"]
[Round "11"]
[White "Nielsen, Erik"]
[Black "McShane, Rod"]
[Result "0-1"]
[WhiteElo "1389"]
[BlackElo "1500"]
[PlyCount "70"]
[EventDate "2003.07.14"]
[EventType "swiss"]
[EventRounds "11"]
[EventCountry "DEN"]
[SourceDate "2004.01.01"]

1. e4 c5 2. Nf3 Nc6 3. d4 cxd4 4. Nxd4 a6 5. Nc3 Nf6 6. f3 e6 7. Be3 Bb4 8. Qd2
d5 9. Nxc6 bxc6 10. e5 Nd7 11. f4 c5 12. O-O-O d4 13. Bxd4 cxd4 14. Qxd4 Bc5
15. Qe4 Qc7 16. Qxa8 O-O 17. Qe4 Bb7 18. Qe2 Rb8 19. Ne4 Be7 20. Rd3 Bd5 21. b3
Ba3+ 22. Kb1 Qb7 23. Rg3 Bxe4 24. Qxa6 Qc7 25. Qc4 Qb7 26. Bd3 Nc5 27. Re1 Bd5
28. Qd4 Qc7 29. h4 Rb4 30. Qe3 Nxd3 31. Qxd3 Rxf4 32. Qb5 Rxh4 33. Qd3 g6 34.
Qd1 Re4 35. Rh1 Qxe5 0-1

[Event "25. Copenhagen Open  (Politiken Cup)"]
[Site "Copenhagen"]
[Date "2003.07.25"]
[Round "11"]
[White "Nielsen, Jan Mose"]
[Black "Brasoy, Aksel"]
[Result "1-0"]
[WhiteElo "2111"]
[BlackElo "1794"]
[PlyCount "77"]
[EventDate "2003.07.14"]
[EventType "swiss"]
[EventRounds "11"]
[EventCountry "DEN"]
[SourceDate "2004.01.01"]

1. d4 Nf6 2. Bg5 d5 3. Nf3 Ne4 4. h4 c6 5. Nbd2 Bf5 6. e3 Qa5 7. c3 e6 8. Nxe4
Bxe4 9. Nd2 Bd6 10. Nxe4 dxe4 11. Qc2 h6 12. Bf4 Bxf4 13. exf4 Qd5 14. Rg1 Nd7
15. a3 h5 16. g3 Nf6 17. Bg2 a5 18. O-O-O b5 19. Rge1 O-O 20. Bxe4 Nxe4 21.
Qxe4 Qd7 22. Qe5 b4 23. Qxh5 bxc3 24. bxc3 Rfb8 25. Qc5 Rb5 26. Qc4 Rab8 27.
Re2 Qb7 28. Rc2 Rb2 29. Qe2 Rb3 30. a4 Ra3 31. Qc4 Ra1+ 32. Kd2 Rxd1+ 33. Kxd1
Qb1+ 34. Kd2 Qh1 35. Qe2 Rb1 36. c4 Ra1 37. Rb2 Rxa4 38. Rb8+ Kh7 39. Qh5# 1-0

[Event "25. Copenhagen Open  (Politiken Cup)"]
[Site "Copenhagen"]
[Date "2003.07.25"]
[Round "11"]
[White "Nielsen, Poul Bang"]
[Black "Jensen, Sren"]
[Result "1/2-1/2"]
[WhiteElo "1100"]
[BlackElo "1565"]
[PlyCount "88"]
[EventDate "2003.07.14"]
[EventType "swiss"]
[EventRounds "11"]
[EventCountry "DEN"]
[SourceDate "2004.01.01"]

1. e4 e5 2. Bc4 Nf6 3. Nc3 Bc5 4. d3 d6 5. h3 a6 6. Nge2 Nc6 7. O-O Be6 8. Bb3
Qd7 9. Bxe6 Qxe6 10. Kh1 O-O-O 11. a3 h6 12. b4 Bb6 13. b5 axb5 14. Nxb5 g5 15.
Be3 Nd7 16. c4 f5 17. exf5 Qxf5 18. Nec3 Nc5 19. Nd5 Rh7 20. Nxb6+ cxb6 21. d4
exd4 22. Bxd4 d5 23. Bxc5 bxc5 24. Qa4 d4 25. Qa8+ Nb8 26. Rab1 b6 27. a4 Qd7
28. a5 Qb7 29. Qxb7+ Rxb7 30. axb6 Rxb6 31. Rfe1 Ra6 32. Re5 Nd7 33. Rd5 Rf8
34. Nd6+ Kc7 35. Ne4 Ra5 36. Rb5 Rxb5 37. cxb5 d3 38. b6+ Nxb6 39. Rxc5+ Kd7
40. Rc3 Nd5 41. Rxd3 Ke6 42. f3 Rc8 43. Rd2 Ke5 44. Kh2 Rc6 1/2-1/2

[Event "25. Copenhagen Open  (Politiken Cup)"]
[Site "Copenhagen"]
[Date "2003.07.25"]
[Round "11"]
[White "Nielsen, Thomas"]
[Black "Flindt, Thomas"]
[Result "0-1"]
[WhiteElo "2028"]
[BlackElo "2134"]
[PlyCount "80"]
[EventDate "2003.07.14"]
[EventType "swiss"]
[EventRounds "11"]
[EventCountry "DEN"]
[SourceDate "2004.01.01"]

1. c4 Nc6 2. Nc3 Nf6 3. g3 e5 4. Bg2 Be7 5. Nf3 O-O 6. O-O d6 7. d3 Bf5 8. Qc2
Qd7 9. Re1 Rfe8 10. a3 Bd8 11. e4 Bh3 12. Bh1 Nh5 13. b4 f5 14. b5 Ne7 15. Ng5
f4 16. Nxh3 Qxh3 17. Bg2 Qe6 18. Qe2 Qg6 19. gxf4 Nxf4 20. Bxf4 exf4 21. Kh1
Rf8 22. e5 f3 23. Bxf3 dxe5 24. Ne4 Nf5 25. Rg1 Nd4 26. Qd1 Qh6 27. Bg4 Bh4 28.
Ra2 Qf4 29. Qd2 Rad8 30. Bh5 Nf3 31. Qxf4 Rxf4 32. Nc5 Nxg1 33. Ne6 Nh3 34. Kg2
Rxd3 35. f3 Rd6 36. Kxh3 Rxe6 37. Rd2 Be7 38. Bg4 Rd6 39. Re2 Bf6 40. Bc8 Rxc4
0-1

[Event "25. Copenhagen Open  (Politiken Cup)"]
[Site "Copenhagen"]
[Date "2003.07.25"]
[Round "11"]
[White "Nilsson, Jonas"]
[Black "Henrichsen, Jens"]
[Result "1/2-1/2"]
[WhiteElo "1631"]
[BlackElo "2076"]
[PlyCount "27"]
[EventDate "2003.07.14"]
[EventType "swiss"]
[EventRounds "11"]
[EventCountry "DEN"]
[SourceDate "2004.01.01"]

1. e4 c5 2. Nf3 e6 3. d4 cxd4 4. Nxd4 Nf6 5. Nc3 d6 6. Bg5 a6 7. Be2 Be7 8. O-O
O-O 9. Kh1 Qc7 10. f4 b5 11. Bf3 Bb7 12. e5 dxe5 13. fxe5 Ne8 14. Bxe7 1/2-1/2

[Event "25. Copenhagen Open  (Politiken Cup)"]
[Site "Copenhagen"]
[Date "2003.07.25"]
[Round "11"]
[White "Nilsson, Nils Specht"]
[Black "Egeland, Marte"]
[Result "1-0"]
[WhiteElo "2149"]
[BlackElo "1990"]
[PlyCount "51"]
[EventDate "2003.07.14"]
[EventType "swiss"]
[EventRounds "11"]
[EventCountry "DEN"]
[SourceDate "2004.01.01"]

1. Nf3 g6 2. d4 Bg7 3. e4 d6 4. c4 Nf6 5. Nc3 O-O 6. h3 Nfd7 7. g4 c5 8. d5 Ne5
9. Nxe5 Bxe5 10. f4 Bg7 11. Be3 Na6 12. Qd2 Nc7 13. f5 a6 14. h4 e6 15. Bd3
exf5 16. gxf5 b5 17. h5 bxc4 18. hxg6 fxg6 19. Qh2 gxf5 20. Qxh7+ Kf7 21. Qh5+
Ke7 22. Bg5+ Bf6 23. Qh7+ Ke8 24. Qg6+ Rf7 25. Rh8+ Bxh8 26. Bxd8 1-0

[Event "25. Copenhagen Open  (Politiken Cup)"]
[Site "Copenhagen"]
[Date "2003.07.25"]
[Round "11"]
[White "Nyback, Tomi"]
[Black "Nielsen, Peter Heine"]
[Result "1-0"]
[WhiteElo "2483"]
[BlackElo "2636"]
[PlyCount "61"]
[EventDate "2003.07.14"]
[EventType "swiss"]
[EventRounds "11"]
[EventCountry "DEN"]
[SourceDate "2004.01.01"]

1. Nf3 d5 2. d4 Nf6 3. c4 e6 4. Nc3 c6 5. Bg5 h6 6. Bh4 dxc4 7. e4 g5 8. Bg3 b5
9. Be2 Bb7 10. h4 g4 11. Ne5 Rg8 12. Nxg4 Nbd7 13. Nxf6+ Nxf6 14. Bf3 Qb6 15.
Qd2 Rd8 16. Qf4 Bg7 17. Rd1 c5 18. dxc5 Rxd1+ 19. Kxd1 Qc6 20. Kc1 Nd7 21. e5
Bxe5 22. Qe3 Rxg3 23. fxg3 Qa6 24. Bxb7 Qxb7 25. Ne4 Ke7 26. Rd1 f5 27. Nc3 b4
28. Ne2 c3 29. bxc3 bxc3 30. Nxc3 Qc6 31. Rxd7+ 1-0

[Event "25. Copenhagen Open  (Politiken Cup)"]
[Site "Copenhagen"]
[Date "2003.07.25"]
[Round "11"]
[White "Ottosen, Peder"]
[Black "Remman, Frank"]
[Result "0-1"]
[WhiteElo "1830"]
[BlackElo "1548"]
[PlyCount "56"]
[EventDate "2003.07.14"]
[EventType "swiss"]
[EventRounds "11"]
[EventCountry "DEN"]
[SourceDate "2004.01.01"]

1. d4 d5 2. c4 c6 3. Nf3 Nf6 4. Nc3 dxc4 5. a4 Bf5 6. Ne5 e6 7. e3 Bb4 8. Nxc4
Nbd7 9. Bd2 O-O 10. Be2 Qe7 11. O-O e5 12. dxe5 Nxe5 13. Nxe5 Qxe5 14. Bf3 Rad8
15. Qb3 a5 16. Rfd1 Bg4 17. Bxg4 Nxg4 18. h3 Qh2+ 19. Kf1 Ne5 20. f3 Rd6 21.
Ne2 Rxd2 22. Rxd2 Bxd2 23. Kf2 Rd8 24. Qb6 Nd3+ 25. Kf1 Re8 26. e4 Bb4 27. Qxb7
Qh1+ 28. Ng1 Nf4 0-1

[Event "25. Copenhagen Open  (Politiken Cup)"]
[Site "Copenhagen"]
[Date "2003.07.25"]
[Round "11"]
[White "Pallesen, Jacob"]
[Black "Roder, Peter"]
[Result "1-0"]
[WhiteElo "2056"]
[BlackElo "2170"]
[PlyCount "123"]
[EventDate "2003.07.14"]
[EventType "swiss"]
[EventRounds "11"]
[EventCountry "DEN"]
[SourceDate "2004.01.01"]

1. d4 Nf6 2. c4 g6 3. Nc3 d5 4. cxd5 Nxd5 5. Nf3 Bg7 6. Qb3 Nxc3 7. bxc3 O-O 8.
e3 b6 9. Be2 Bb7 10. O-O Nd7 11. a4 c5 12. a5 e6 13. axb6 axb6 14. Rxa8 Qxa8
15. Bb2 Qc8 16. Ra1 cxd4 17. cxd4 Bd5 18. Qa4 Nc5 19. Qb5 Nb3 20. Ra6 Qc2 21.
Ba3 Nc1 22. Bf1 Rc8 23. Rxb6 h6 24. Rb8 Rxb8 25. Qxb8+ Kh7 26. Qb2 Qxb2 27.
Bxb2 Nb3 28. Ne1 Na5 29. Ba3 Nb7 30. Be2 Kg8 31. Bf3 Bxf3 32. Nxf3 Bf8 33. Bxf8
Kxf8 34. Ne5 Nd6 35. Kf1 Ke7 36. Ke2 h5 37. Kd3 Kf6 38. e4 g5 39. Nc4 Nb5 40.
Ne3 Ke7 41. f3 f6 42. Kc4 Nd6+ 43. Kc5 Kd7 44. Nc4 Nb7+ 45. Kb6 Nd8 46. d5 h4
47. Kc5 Nb7+ 48. Kd4 Ke7 49. Ke3 Nc5 50. h3 e5 51. Kd2 Nb3+ 52. Kc3 Nd4 53. Ne3
Ne2+ 54. Kc4 Nf4 55. Kc5 Kd7 56. Ng4 Nxg2 57. Nxf6+ Kd8 58. Nh7 Nf4 59. Nxg5
Ke7 60. d6+ Kd7 61. Nf7 Nxh3 62. Nxe5+ 1-0

[Event "25. Copenhagen Open  (Politiken Cup)"]
[Site "Copenhagen"]
[Date "2003.07.25"]
[Round "11"]
[White "Pedersen, Audun"]
[Black "Spanton, Timothy"]
[Result "1/2-1/2"]
[WhiteElo "1536"]
[BlackElo "2021"]
[PlyCount "69"]
[EventDate "2003.07.14"]
[EventType "swiss"]
[EventRounds "11"]
[EventCountry "DEN"]
[SourceDate "2004.01.01"]

1. d4 d5 2. c4 Nc6 3. Nc3 dxc4 4. Nf3 Bg4 5. e3 e5 6. d5 Bxf3 7. gxf3 Na5 8.
Bd2 c6 9. dxc6 Nxc6 10. Bxc4 Nf6 11. Qb3 Qd7 12. Ne4 Nxe4 13. fxe4 O-O-O 14.
O-O-O Qc7 15. Kb1 Bc5 16. Bd5 Qb6 17. Qxb6 Bxb6 18. Bxf7 Rhf8 19. Be6+ Kb8 20.
f4 Rd3 21. Bc4 Rd7 22. Rhf1 Rfd8 23. Kc2 Na5 24. Bd5 Rc7+ 25. Kd3 Nc4 26. Bc3
Nxe3 27. Bxe5 Nxd1 28. Rxd1 Rf8 29. f5 g6 30. Rf1 gxf5 31. Rxf5 Rxf5 32. exf5
Kc8 33. Bxc7 Bxc7 34. h3 Be5 35. b3 1/2-1/2

[Event "25. Copenhagen Open  (Politiken Cup)"]
[Site "Copenhagen"]
[Date "2003.07.25"]
[Round "11"]
[White "Pedersen, Rune Linnebo"]
[Black "Pedersen, Bent O"]
[Result "1-0"]
[WhiteElo "1800"]
[BlackElo "2058"]
[PlyCount "47"]
[EventDate "2003.07.14"]
[EventType "swiss"]
[EventRounds "11"]
[EventCountry "DEN"]
[SourceDate "2004.01.01"]

1. e4 c5 2. Nf3 g6 3. d4 cxd4 4. Nxd4 Bg7 5. Be3 Nf6 6. Nc3 Nc6 7. Bc4 O-O 8.
O-O d6 9. h3 a6 10. a4 e6 11. Qd2 Nxe4 12. Nxe4 d5 13. Nxc6 bxc6 14. Rad1 Qh4
15. Bc5 Qxe4 16. Bxf8 Qxc4 17. Bxg7 Kxg7 18. Qc3+ Qxc3 19. bxc3 c5 20. f4 Bd7
21. a5 Rb8 22. Rb1 Rxb1 23. Rxb1 Bb5 24. Rxb5 1-0

[Event "25. Copenhagen Open  (Politiken Cup)"]
[Site "Copenhagen"]
[Date "2003.07.25"]
[Round "11"]
[White "Petersen, Peter Birk"]
[Black "Adamski, Jan"]
[Result "0-1"]
[WhiteElo "2221"]
[BlackElo "2335"]
[PlyCount "90"]
[EventDate "2003.07.14"]
[EventType "swiss"]
[EventRounds "11"]
[EventCountry "DEN"]
[SourceDate "2004.01.01"]

1. e4 c5 2. Nf3 e6 3. d4 cxd4 4. Nxd4 a6 5. Bd3 Nf6 6. O-O d6 7. c4 Bd7 8. Nc3
Nc6 9. Nc2 Ne5 10. Be2 Rc8 11. Ne3 Be7 12. Qe1 b5 13. cxb5 axb5 14. Nxb5 Nxe4
15. a4 d5 16. b3 O-O 17. Bb2 Nc6 18. Bd3 Nb4 19. Bxe4 dxe4 20. Nc4 f5 21. Qc3
Rf6 22. Qd2 Rh6 23. Rad1 Nd3 24. Bc3 Bc5 25. g3 Bxb5 26. axb5 Qe8 27. b6 Qh5
28. h4 Qf3 29. Be5 Rf8 30. Bd6 Bxd6 31. Nxd6 Rxh4 32. gxh4 Qg4+ 33. Kh1 Qxh4+
34. Kg2 Qg4+ 35. Kh1 Qh3+ 36. Kg1 Qg4+ 37. Kh1 Rf6 38. f3 exf3 39. Qh2 Rh6 40.
Rd2 Rxh2+ 41. Rxh2 Qb4 42. b7 Qxd6 43. Rd2 e5 44. Rxd3 Qh6+ 45. Kg1 Qg6+ 0-1